West in the Answers - Statistics

General Stats
  • This quiz has been taken 45,427 times
    13,558 since last reset
  • The average score is 15 of 21
Answer Stats
Clue Answer % Correct
U.S. state West Virginia
97%
The part of the White House where the President works West Wing
89%
Kim Kardashian's husband Kanye West
88%
Bonn was its capital West Germany
87%
Where British monarchs are married and buried Westminster Abbey
87%
Perth is its capital Western Australia
83%
Palestinian territory West Bank
82%
California, Oregon, and Washington West Coast
80%
All quiet on the ... Western Front
80%
Southernmost city in Florida Key West
71%
Area west of the Prime Meridian Western Hemisphere
71%
Term that refers to the islands of the Carribean West Indies
71%
The U.S. Military Academy West Point
68%
Where the Fresh Prince was born and raised West Philadelphia
64%
Actor who starred as Batman Adam West
59%
London theater district West End
56%
Jewish holy site Western Wall
56%
Mosquito-borne virus West Nile
54%
HBO show about a theme park where robots run amok Westworld
53%
Another name for a zephyr West Wind
45%
Former name of one of the countries in Oceania Western Samoa
26%
No matching quizzes found
Score Distribution
Percent of People with Each Score
Percentile by Number Answered
Your Score History
You have not taken this quiz since the last reset